01016nam a2200265 a 4500001000900000005001700009008004100026020001500067041000800082044000600090050002200096100004300118245018700161260004700348300005600395500001100451504002800462650004800490650005300538650005500591700003800646700002000684700002100704710002500725BRL_156420190320211250.0110314s1988----u--ao#####---#000-0#eng-# a0295967021 aeng au 4aGT4823b.N85 19881 aNunley, John W.d1945-q(John Wallace)10aCaribbean festival artsbeach and every bit of differencecJohn W. Nunley and Judith Bettelheim ; special consultant Rex Nettleford ; with contributions by Barbara Bridges...[et al.] aWashingtonbUniversity of Washingtonc1988 a218 p.bil., fotografías (a color), mapasc29 cm. aAu1811 aBibliografía: p. 214.14aFestivalesvExposicioneszCaribe (Región)14aAntillasvExposicionesxVida social y costumbres14aPrendas de vestirvExposicioneszCaribe (Región)1 aBettelheim, Judithd1944-ecoaut.1 aNettleford, Rex1 aBridges, Barbara2 aSt. Louis Art Museum